000 01089 a2200241 4500
999 _c11244
_d11244
020 _a0791055256
050 0 0 _aQR181
_bEDE 2000
100 1 _aEdelson, Edward,
_d1932-
_eauthor
245 1 4 _aThe immune system /
_cEdward Edelson
264 _aPhiladelphia:
_bChelsea Housing Publishers,
_c2000
300 _a104 pages
_billustrations
336 _2rdacontent
_atext
_btxt
337 _2rdamedia
_aunmediated
_bn
338 _2rdacarrier
_avolume
_bnc
440 0 _a21st century health and wellness
500 _aOriginally published in series: The encyclopedia of health. Healthy body.
504 _aIncludes bibliographical references (p. 95-96) and index.
520 _aExamines the workings of a complex structure, the body's defense against disease and infection.
650 0 _aImmune system
650 1 _aImmune system.
942 _2lcc
_cBK
_h181
_iEDE
_kQR